000
00235nam a22000857a 4500
008
161018b xxu||||| |||| 00| 0 eng d
100
_9
890
_a
Jain.A.etal.
245
_a
Learn Well Social Science-6
260
_a
New Delhi
_b
Holy Faith Publications
999
_c
3543
_d
3543